000 00486nam a2200145Ia 4500
008 151213s9999 xx 000 0 und d
100 _aআবিদ আজাদ।
245 _aআবিদ আজাদের কবিতা।
_cআবিদ আজাদ।
260 _aঢাকা
_bশিল্প তরু প্রকাশনী।
_c1991
300 _a8683 p.
650 _aBangla
650 _aকবিতা।
700 _aআবিদ আজাদ।
999 _c4469
_d4469